000 00718nam a2200265Ia 4500
003 GCL
008 140319s9999 xx 000 0 ara d
040 _aGCL /
_cGCL
082 0 4 _a253.4
_bح ر
245 1 0 _aالربا وخراب الدنيا
260 _a[S.N] :
_bالزهراء للاعلام العربى ،
_c1988
300 _a205 ص
490 _a
650 0 4 _aمصر
650 0 4 _aالاسلام
650 0 4 _aالاقتصاد الاسلامى
650 0 4 _aالديانات
650 0 4 _aالربا
650 0 4 _aالبنوك الاسلامية
650 0 4 _aالنظام المالى
650 0 4 _aالقروض
650 0 4 _aالديون
650 0 4 _aالفائدة
942 _2ddc
_cBK
999 _c58585
_d58585